000 00717cam a22001934a 4500
020 _a0887274366 (pbk.)
082 0 0 _a895.608005
_bCON
245 0 0 _aContemporary Japanese literature :
_ban anthology of fiction, film, and other writing since 1945 /
_cedited and with a new preface by Howard Hibbett.
250 _a1st Cheng & Tsui ed.
260 _aBoston :
_bCheng & Tsui Co.,
_cc2005.
300 _axxii, 468 p. ;
_c24 cm.
650 0 _aJapanese literature
_9102114
650 0 _9102115
700 1 _aHibbett, Howard.
_9102116
942 _2ddc
_cBK
999 _c592183
_d592183